<?xml version="1.0" encoding="UTF-8"?>
<record
    xmlns:xsi="http://www.w3.org/2001/XMLSchema-instance"
    xsi:schemaLocation="http://www.loc.gov/MARC21/slim http://www.loc.gov/standards/marcxml/schema/MARC21slim.xsd"
    xmlns="http://www.loc.gov/MARC21/slim">

  <leader>01056nam a22001817a 4500</leader>
  <controlfield tag="003">IT-RoPau</controlfield>
  <controlfield tag="005">20220918175939.0</controlfield>
  <controlfield tag="008">130125b        xxu||||| |||| 00| 0 eng d</controlfield>
  <datafield tag="040" ind1=" " ind2=" ">
    <subfield code="c">IT-RoPau</subfield>
  </datafield>
  <datafield tag="100" ind1=" " ind2=" ">
    <subfield code="a">Merlo , Tecla</subfield>
    <subfield code="9">252</subfield>
  </datafield>
  <datafield tag="245" ind1=" " ind2=" ">
    <subfield code="a">Romana. Beatificationis et Canonizationis servae Dei Theclae Merlo  </subfield>
    <subfield code="b">(in sae. : Mariae Teresiae) Cofundatricis congr. Filiarum a S. Paulo (1894 - 1964) </subfield>
  </datafield>
  <datafield tag="250" ind1=" " ind2=" ">
    <subfield code="a">I</subfield>
  </datafield>
  <datafield tag="260" ind1=" " ind2=" ">
    <subfield code="a">Roma</subfield>
    <subfield code="b">Sacra Congregatio pro causis sanctorum</subfield>
    <subfield code="c">1979</subfield>
  </datafield>
  <datafield tag="300" ind1=" " ind2=" ">
    <subfield code="a">545 p. +</subfield>
    <subfield code="c">30 cm</subfield>
  </datafield>
  <datafield tag="490" ind1=" " ind2=" ">
    <subfield code="a">Romana</subfield>
    <subfield code="v">I</subfield>
  </datafield>
  <datafield tag="520" ind1=" " ind2=" ">
    <subfield code="a">Index positionis

1. -  Informatio
2. -  Tabella Index - Testium

3. -  Summarium
            a) Depositiones testium
            b) Documenta

4. -  Litterae postulatoriae

5. -  Positio super scriptis
            a) Conspectus biographicus
            b) Index scriptorum Servae Dei
            c) Iudicium prioris Theologi Censoris
           d) Iudicium alterius Theologi Censoris
           e) Decretum super revisione scriptorum

6.  -  Votum Promotoris Generalis Fidei         </subfield>
  </datafield>
  <datafield tag="942" ind1=" " ind2=" ">
    <subfield code="2">ddc</subfield>
    <subfield code="c">BK</subfield>
  </datafield>
  <datafield tag="999" ind1=" " ind2=" ">
    <subfield code="c">37846</subfield>
    <subfield code="d">37846</subfield>
  </datafield>
  <datafield tag="952" ind1=" " ind2=" ">
    <subfield code="0">0</subfield>
    <subfield code="1">0</subfield>
    <subfield code="2">ddc</subfield>
    <subfield code="4">0</subfield>
    <subfield code="6">PB_4_000000000000000</subfield>
    <subfield code="7">1</subfield>
    <subfield code="a">PAULUS</subfield>
    <subfield code="b">PAULUS</subfield>
    <subfield code="d">2013-01-25</subfield>
    <subfield code="l">0</subfield>
    <subfield code="o">PB 4</subfield>
    <subfield code="r">2013-01-25 00:00:00</subfield>
    <subfield code="w">2013-01-25</subfield>
    <subfield code="y">BK</subfield>
  </datafield>
</record>
